[Event "SWE-chT 1314"]
[Site "Sweden"]
[Date "2014.02.01"]
[Round "5.4"]
[White "Berg, Emanuel"]
[Black "Andersson, Fredrik"]
[Result "1-0"]
[WhiteElo "2547"]
[BlackElo "2280"]
[PlyCount "77"]
[EventDate "2013.11.22"]
[EventType "team-tourn"]
[EventRounds "9"]
[EventCountry "SWE"]
[SourceTitle "EXT 2015"]
[Source "ChessBase"]
[SourceDate "2014.11.20"]
[SourceVersion "1"]
[SourceVersionDate "2014.11.20"]
[SourceQuality "1"]
[WhiteTeam "Stockholm Viking"]
[BlackTeam "Upsala"]
[WhiteTeamCountry "SWE"]
[BlackTeamCountry "SWE"]

1. e4 c5 2. d4 cxd4 3. c3 dxc3 4. Nxc3 Nc6 5. Nf3 d6 6. Bc4 a6 7. 0-0 Nf6 8. Bf4 Bg4 9. h3 Bh5 10. Qb3 e6 11. Qxb7 Na5 12. Qb4 Bxf3 13. gxf3 Nxc4 14. Qxc4 Qc8 15. Qxc8+ Rxc8 16. Rfd1 Rc6 17. Rac1 Be7 18. Na4 Rxc1 19. Rxc1 0-0 20. Rc6 e5 21. Bg5 Ra8 22. Nb6 Rb8 23. Bxf6 Bxf6 24. b4 Bd8 25. Nd5 a5 26. b5 Kf8 27. a4 Ke8 28. Rxd6 Rc8 29. Rc6 Rxc6 30. bxc6 Bh4 31. f4 exf4 32. Nxf4 Ke7 33. e5 g6 34. Kg2 Bg5 35. Nd5+ Ke6 36. Kf3 Bh4 37. Ke3 h5 38. f4 Be1 39. Nf6 1-0

[Event "SWE-chT 0405"]
[Site "Sweden"]
[Date "2004.??.??"]
[Round "1"]
[White "Andersson, Fredrik"]
[Black "Akvist, Hakan"]
[Result "1-0"]
[WhiteElo "2320"]
[BlackElo "2132"]
[PlyCount "95"]
[EventDate "2004.11.05"]
[EventType "team-tourn"]
[EventRounds "11"]
[EventCountry "SWE"]
[SourceTitle "EXT 2006"]
[Source "ChessBase"]
[SourceDate "2005.11.24"]
[SourceVersion "1"]
[SourceVersionDate "2005.11.24"]
[SourceQuality "1"]
[WhiteTeam "Sollentuna"]
[BlackTeam "Eksjo"]
[WhiteTeamCountry "SWE"]
[BlackTeamCountry "SWE"]

1. e4 e6 2. d4 d5 3. Nc3 Bb4 4. exd5 exd5 5. Bd3 Nc6 6. a3 Be7 7. Bf4 a6 8. Nce2 Bf6 9. c3 Nge7 10. Qc2 g6 11. Ng3 Be6 12. Nf3 Nc8 13. 0-0 g5 14. Be5 Bxe5 15. Nxe5 Nxe5 16. dxe5 h5 17. Nf5 Ne7 18. Ng7+ Kd7 19. c4 Qg8 20. cxd5 Nxd5 21. Nf5 Rd8 22. Rac1 c6 23. Bxa6 Bxf5 24. Qxf5+ Kc7 25. Bc4 Qg6 26. Qxg6 fxg6 27. Rfd1 Nf4 28. g3 Nh3+ 29. Kg2 g4 30. Bf7 Rdf8 31. e6 Ng5 32. Rd7+ Kb6 33. Rc3 Nxf7 34. exf7 Ka6 35. Rb3 b6 36. Re3 g5 37. Re5 h4 38. Rxg5 h3+ 39. Kf1 Rh7 40. Rxg4 Rhxf7 41. Rxf7 Rxf7 42. Re4 Rf3 43. Ke2 Rf5 44. g4 Rb5 45. Ra4+ Kb7 46. Rb4 Re5+ 47. Kf3 Rd5 48. Re4 1-0

[Event "Gothenburg op"]
[Site "Gothenburg"]
[Date "2001.??.??"]
[Round "2"]
[White "Andersson, Fredrik"]
[Black "Aaberg, Anton"]
[Result "0-1"]
[WhiteElo "2142"]
[BlackElo "2300"]
[PlyCount "44"]
[EventDate "2001.??.??"]
[EventType "swiss"]
[EventRounds "9"]
[EventCountry "SWE"]
[SourceTitle "EXT 2002"]
[Source "ChessBase"]
[SourceDate "2001.11.25"]
[SourceVersion "1"]
[SourceVersionDate "2001.11.25"]
[SourceQuality "1"]

1. e4 c5 2. Nf3 Nc6 3. d4 cxd4 4. Nxd4 Nf6 5. Nc3 e5 6. Ndb5 d6 7. Bg5 a6 8. Na3 b5 9. Nd5 Be7 10. Bxf6 Bxf6 11. c3 0-0 12. Nc2 Bg5 13. a4 bxa4 14. Rxa4 a5 15. Nce3 Rb8 16. Ra2 g6 17. Qa4 Bb7 18. Bb5 Ne7 19. Qxa5 Nxd5 20. Nxd5 Bxd5 21. exd5 Qxa5 22. Rxa5 Bd8 0-1

[Event "Rilton Cup 28th"]
[Site "Stockholm"]
[Date "1998.12.29"]
[Round "2"]
[White "Von Bahr, Oskar"]
[Black "Andersson, Fredrik"]
[Result "1-0"]
[WhiteElo "2190"]
[BlackElo "2035"]
[PlyCount "37"]
[EventDate "1998.12.28"]
[EventType "swiss"]
[EventRounds "9"]
[EventCountry "SWE"]
[SourceTitle "CBM 068 Extra"]
[Source "ChessBase"]
[SourceDate "1999.03.01"]
[SourceVersion "1"]
[SourceVersionDate "1999.03.01"]
[SourceQuality "1"]

1. e4 c6 2. d4 d5 3. e5 Bf5 4. Nc3 e6 5. g4 Bg6 6. Nge2 c5 7. h4 cxd4 8. Nxd4 h5 9. Bb5+ Nd7 10. f4 hxg4 11. f5 Rxh4 12. Rf1 exf5 13. Qe2 Bc5 14. Nb3 Bb4 15. e6 fxe6 16. Qxe6+ Ne7 17. Bg5 Rh3 18. Bxe7 Bf7 19. Bxd7+ 1-0

[Event "Hallstahammar op"]
[Site "Hallstahammar"]
[Date "1997.??.??"]
[Round "7"]
[White "Andersson, Fredrik"]
[Black "Fransson, Mats"]
[Result "1/2-1/2"]
[WhiteElo "1950"]
[BlackElo "2085"]
[PlyCount "134"]
[EventDate "1997.??.??"]
[EventType "swiss"]
[EventRounds "7"]
[EventCountry "SWE"]
[SourceTitle "EXT 2001"]
[Source "ChessBase"]
[SourceDate "2000.11.22"]
[SourceVersion "1"]
[SourceVersionDate "2000.11.22"]
[SourceQuality "1"]

1. d4 Nf6 2. Nf3 c5 3. c3 b6 4. Bf4 Bb7 5. e3 g6 6. Nbd2 Bg7 7. h3 0-0 8. Bd3 d5 9. 0-0 Nc6 10. Bh2 Nd7 11. Ne1 e5 12. dxe5 Ndxe5 13. f4 Nxd3 14. Nxd3 Re8 15. Re1 Qd7 16. Nf3 Rad8 17. Qc2 Qf5 18. Rad1 Re7 19. Qc1 Ba6 20. Nde5 Nxe5 21. Nxe5 Qc8 22. Rd2 Bb7 23. b3 Rde8 24. Rde2 Qa8 25. Qd2 h5 26. Rd1 Qc8 27. Rde1 Qe6 28. Rf2 Qf5 29. a4 Rc8 30. Rd1 Qe4 31. Re2 Re6 32. Rde1 Rd8 33. Rd1 Bf6 34. Bg3 Red6 35. Qb2 Ba6 36. Ree1 Bb7 37. Re2 Ba6 38. Ree1 Bb7 39. Re2 Kg7 40. Ree1 Kg8 41. Re2 Bc8 42. Ree1 Qf5 43. Rd2 Qe6 44. Red1 Qe7 45. Re2 Bf5 46. Red2 Qe6 47. Rc1 h4 48. Bh2 Be7 49. Re1 Be4 50. Ree2 Qf5 51. Ng4 Qh5 52. Re1 Bf5 53. Nf2 Bf6 54. Red1 Qh8 55. Rc1 d4 56. cxd4 cxd4 57. e4 d3 58. Qa2 Bc3 59. Rdd1 d2 60. Rc2 Bd4 61. exf5 Bxf2+ 62. Kxf2 Qd4+ 63. Kf1 Qd3+ 64. Kg1 Qe3+ 65. Kf1 Qd3+ 66. Kg1 Qe3+ 67. Kf1 Qd3+ 1/2-1/2